MARC

LEADER 00000nam0a2200000 4500
001 248507
005 20231101232408.0
035 |a (RuTPU)RU\TPU\book\270314 
090 |a 248507 
100 |a 20140123d1947 km y0rusy50 ca 
101 0 |a rus 
102 |a RU 
105 |a a g 000zy 
200 1 |a Расчетные и справочные таблицы для химиков  |f Ю. Ю. Лурье 
210 |a Москва  |a Ленинград  |c Госхимиздат  |d 1947 
215 |a 332 с.  |c ил. 
606 1 |a Химия  |2 stltpush  |3 (RuTPU)RU\TPU\subj\17362  |9 43035 
610 1 |a полярография 
610 1 |a метрические единицы 
610 1 |a растворимость 
610 1 |a калибрование 
610 1 |a вычисление 
610 1 |a справочники 
610 1 |a таблицы 
675 |a 54(035)  |v 3 
700 1 |a Лурье  |b Ю. Ю. 
801 1 |a RU  |b 63413507  |c 20140123 
801 2 |a RU  |b 63413507  |c 20140129  |g RCR 
942 |c BK